000 02391nam0a2200349 4500
001 RU\NLR\BIBL_A\021971937
005 20230724164128.0
010 _a978-5-907579-10-1
_935
021 _aRU
_bКН-П-23-035159
_9КН-П-23-3486
035 _a(NLR Aleph) 021971937
035 _a(RuMoRGB)011821629
090 _a12365187
_c12365187
100 _a20230630d2023 u y0rusy50 ca
101 0 _arus
102 _aRU
105 _aa z 000zy
181 0 _ai
_baxxe
182 0 _an
200 1 _aМуниципальная поддержка малого предпринимательства и механизм её учётно-аналитической реализации в условиях экономики знаний
_eмонография
_fЭ. Ю. Черкесова, А. И. Новиков, С. В. Романова
_gМинистерство науки и высшего образования Российской Федерации, Институт сферы обслуживания и предпринимательства (филиал) Федерального государственного бюджетного образовательного учреждения высшего образования "Донской государственный технический университет" в г. Шахты Ростовской области (ИСОиП (филиал) ДГТУ в г. Шахты)
203 _aТекст
_bвизуальный
_cнепосредственный
210 _aШахты
_cИСОИП (филиал) ДГТУ
_d2023
215 _a64 с.
_cил., табл.
_d21
320 _aБиблиогр.: 61-64 (31 назв.)
606 1 _aПредпринимательство малое
_xГосударственное регулирование
_yРоссийская Федерация
_92342601
_3RU\NLR\AUTH\661400145
686 1 _aУ9(2)-13(2Р)
700 1 _aЧеркесова
_bЭ. Ю.
_gЭльвира Юрьевна
701 1 _7ca
_8rus
_aНовиков
_bА. И.
_cканд. экон. наук
_gАндрей Иванович
_990464
_3RU\NLR\AUTH\77107539
701 1 _7ca
_8rus
_aРоманова
_bС. В.
_cканд. экон. наук
_gСветлана Валентиновна
_971416
_3RU\NLR\AUTH\7788488
942 _cBOOK
980 _aNB